BIBLIOTHÈQUE DE LA MAISON DU MEXIQUE

Logo 1 Logo 2

Redil de ovejas (notice nᵒ 4201)

détails MARC
000 -Sello discográfico
campo de control de longitud fija 00795nam a2200289 4500
005 - Identificación de versión
campo de control 20251017062740.0
035 ## - Otros números de control del sistema
Número de control del sistema 26246
099 ## - fechas locales
Tipo de ítem Koha LIBRO
100 ## - Datos de procesamiento general
Datos de procesamiento general 19990512d19771973m y1spay5003 ba
105 ## - Campo de datos codificados: Material textual, monográfico
Datos codificados de monografía y 001ay
200 1# - Título y mención de responsabilidad
Título propio Redil de ovejas
Designación general del material texto impreso
Primer mención de responsabilidad Vicente Leñero
205 ## - Declaración de edición
Declaración de edición 2a ed
210 ## - Publicación, distribución, etc.
Lugar de publicación, distribución, etc. México
Nombre del editor, distribuidor, etc. Editorial Joaquín Mortiz
Fecha de publicación, distribución, etc. 1977
215 ## - Descripción física
Designación de material específico y extensión del ítem 165 p
Dimensiones 18 cm
345 ## - Nota de información de adquisición
Fuente de adquisición/dirección de la suscripción [OBSOLETO] Donación del Centro Cultural
410 #1 - Series
Título Serie del volador
606 ## - Término temático usado como materia
Elemento de entrada Novela mexicana
Subdivisión cronológica Siglo XX
Número Koha 64
660 ## - Código de área geográfica
Código MX
700 ## - Nombre personal - Responsabilidad primaria
Elemento de entrada Leñero Otero
Parte del nombre distinta del elemento de entrada Vicente
Fechas 1933-2014
Número Koha 1235
801 #0 - Fuente de origen
Agencia cm
900 ## -
-- 1/18801
900 ## -
-- 7109910712\120599
942 ## - ELEMENTOS DE ENTRADA SECUNDARIOS (KOHA)
Tipo de ítem Koha Livre
996 ## -
-- MEX
-- 751145101
-- MMAG
-- 012129
-- 863.4 L565R
-- 20250120LIV
Exemplaires
Estatus retirado Estado de daño Estado de pérdida Fecha de adquisición Biblioteca de origen Biblioteca actual Ubicación en estantería Código de barras Precio de reemplazo Signatura topográfica completa No para préstamo Tipo de ítem Koha Nota pública Nota no pública
      05/08/2025 Casa México Paris Casa México Paris   012129 05/08/2025 863.4 L565R   Livre 20250120LIV 751145101